000 00450nam a2200193Ia 4500
008 210210b1949 xxu||||| |||| 00| 0 eng d
041 _aeng
082 _a825/192
100 _aCLIFFORD
245 _aPope and his contemporaries
260 _aOxford
_bAt the Clarendon Press
_c1949
650 _aPope
650 _ahis
650 _acontemporaries
650 _aand
690 _aEnglish Criticism
700 _aLANDA Eds
906 _a014509
999 _c133700
_d133700